UM Logo

Efficiency optimization scheme for isolated triple active Bridge DC–DC converter with full soft-switching and minimized RMS current / (Record no. 19680)

MARC details
000 -LEADER
fixed length control field 00999nam a22002297a 4500
003 - CONTROL NUMBER IDENTIFIER
control field OSt
005 - DATE AND TIME OF LATEST TRANSACTION
control field 20250924173946.0
008 - FIXED-LENGTH DATA ELEMENTS--GENERAL INFORMATION
fixed length control field 240314b ||||| |||| 00| 0 eng d
040 ## - CATALOGING SOURCE
Transcribing agency 0
082 ## - DEWEY DECIMAL CLASSIFICATION NUMBER
Classification number DPer 621.381 In821 August 2022 v. 37 n. 8
100 ## - MAIN ENTRY--PERSONAL NAME
Personal name Li, Jia.
Relator term author.
9 (RLIN) 54676
245 ## - TITLE STATEMENT
Title Efficiency optimization scheme for isolated triple active Bridge DC–DC converter with full soft-switching and minimized RMS current /
Statement of responsibility, etc. Jia Li, Quanming Luo, Ting Luo, Di Mou, and Marco Liserre.
260 ## - PUBLICATION, DISTRIBUTION, ETC. (IMPRINT)
Place of publication, distribution, etc. New York ;
Name of publisher, distributor, etc. The Institute of Electrical and Electronics Engineers, Inc. ,
Date of publication, distribution, etc. August 2022.
300 ## - PHYSICAL DESCRIPTION
Extent Volume 37, pages 9114-9128 :
Other physical details illustration ;
Dimensions 28 cm.
500 ## - GENERAL NOTE
General note IEEE Transitions on Power Electronics, v. 37 n. 8, pages 9114-9128, August 2022.
700 ## - ADDED ENTRY--PERSONAL NAME
Personal name Li, Jia.
Relator term author.
9 (RLIN) 54676
700 ## - ADDED ENTRY--PERSONAL NAME
Personal name Luo, Quanming.
Relator term author.
9 (RLIN) 54677
700 ## - ADDED ENTRY--PERSONAL NAME
Personal name Luo, Ting.
Relator term author.
9 (RLIN) 54678
700 ## - ADDED ENTRY--PERSONAL NAME
Personal name Mou, Di.
Relator term author.
9 (RLIN) 54679
700 ## - ADDED ENTRY--PERSONAL NAME
Personal name Liserre, Marco.
Relator term author.
9 (RLIN) 54680
942 ## - ADDED ENTRY ELEMENTS (KOHA)
Source of classification or shelving scheme Dewey Decimal Classification
Koha item type Periodicals
Holdings
Withdrawn status Lost status Source of classification or shelving scheme Damaged status Not for loan Collection code Home library Current library Date acquired Total Checkouts Full call number Date last seen Price effective from Koha item type Public note
    Dewey Decimal Classification     Periodicals UM Digos College - LIC UM Digos College - LIC 03/14/2024   DPer 621.381 In821 August 2022 v. 37 n. 8 03/14/2024 03/14/2024 Periodicals Periodical Article